000 00574nam a2200181Ia 4500
008 090124s9999 xx 000 0 und d
082 _b19846
100 _aपंडित वामन
245 _a द्वारकाविजय
250 _a0
260 _bपुणे विद्यार्थी गृह प्रकाशन
_c1937
300 _a25
600 _aपंडित वामन
630 _a द्वारकाविजय
700 _aपंडित वामन
730 _a द्वारकाविजय
942 _cBOOK
999 _c90732
_d90732